00369nam a2200121 i 4500001000300000245008200003260007900085300001900164040000800183041000800191080000700199008004100206bg 0aFrancusko-russkij stroitel'nyj słovar /cSostavili : G. V. Sacharov [i in.]. aMoskva :bGosudarst. Izatel'stvo Fiziko- Matematiceskoj Literatury,c1959. as. 507, 1 nlb. cBPK apol a69 s pl f |000 0 pol